|
|
|
|
| LEADER |
00000nlm0a2200000 4500 |
| 001 |
102558 |
| 005 |
20231031113037.0 |
| 035 |
|
|
|a (RuTPU)RU\TPU\book\110583
|
| 090 |
|
|
|a 102558
|
| 100 |
|
|
|a 20060928d2006 k y0rusy50 ca
|
| 101 |
0 |
|
|a rus
|
| 102 |
|
|
|a RU
|
| 105 |
|
|
|a a dm 001zy
|
| 135 |
|
|
|a drbn ---uucaa
|
| 181 |
|
0 |
|a i
|
| 182 |
|
0 |
|a b
|
| 200 |
1 |
|
|a Стратегия и модели управления знаниями в IT-компании
|b Электронный ресурс
|e автореферат диссертации на соискание ученой степени кандидата технических наук:
|f С. В. Чириков
|g Томский политехнический университет; науч. рук. А. Ф. Тузовский
|
| 203 |
|
|
|a Текст
|c электронный
|
| 210 |
|
|
|a Томск
|c [Б. и.]
|d 2006
|
| 215 |
|
|
|a 1 файл :671 Kb)
|
| 230 |
|
|
|a Электронные текстовые данные (1 файл :671 Kb)
|
| 300 |
|
|
|a Заглавие с титульного экрана
|
| 300 |
|
|
|a Электронная версия печатной публикации
|
| 337 |
|
|
|a Adobe Reader
|
| 452 |
|
1 |
|0 (RuTPU)RU\TPU\book\107004
|t Стратегия и модели управления знаниями в IT-компании
|o автореферат диссертации на соискание ученой степени кандидата технических наук
|o спец. 05.13.01
|f С. В. Чириков
|g Томский политехнический университет; науч. рук. А. Ф. Тузовский
|c Томск
|n Б.и.
|d 2006
|p 24 с.
|a Чириков, Сергей Владимирович
|
| 610 |
1 |
|
|a интеллектуальные системы
|
| 610 |
1 |
|
|a знания
|
| 610 |
1 |
|
|a IT-компании
|
| 610 |
1 |
|
|a деятельность
|
| 610 |
1 |
|
|a управление
|
| 610 |
1 |
|
|a неявные знания
|
| 610 |
1 |
|
|a базы знаний
|
| 610 |
1 |
|
|a системный анализ
|
| 610 |
1 |
|
|a авторефераты диссертаций
|
| 610 |
1 |
|
|a труды учёных ТПУ
|
| 610 |
1 |
|
|a электронный ресурс
|
| 675 |
|
|
|a 681.51.012(04)
|v 3
|
| 686 |
|
|
|a 05.13.01
|2 oksvnk
|
| 700 |
|
1 |
|a Чириков
|b С. В.
|g Сергей Владимирович
|
| 702 |
|
1 |
|a Тузовский
|b А. Ф.
|c специалист в области информатики и вычислительной техники
|c профессор Томского политехнического университета, доктор технических наук
|f 1952-
|g Анатолий Федорович
|2 stltpush
|3 (RuTPU)RU\TPU\pers\25952
|4 727
|
| 712 |
0 |
2 |
|a Томский политехнический университет
|2 stltpush
|3 (RuTPU)RU\TPU\col\376
|
| 801 |
|
1 |
|a RU
|b 63413507
|c 20060928
|g PSBO
|
| 801 |
|
2 |
|a RU
|b 63413507
|c 20151116
|g PSBO
|
| 856 |
4 |
|
|u http://www.lib.tpu.ru/fulltext/a/2006/27.pdf
|
| 942 |
|
|
|c CF
|